<?xml version="1.0" encoding="UTF-8"?>
<record
    xmlns:xsi="http://www.w3.org/2001/XMLSchema-instance"
    xsi:schemaLocation="http://www.loc.gov/MARC21/slim http://www.loc.gov/standards/marcxml/schema/MARC21slim.xsd"
    xmlns="http://www.loc.gov/MARC21/slim">

  <leader>00321nam a22001217a 4500</leader>
  <datafield tag="040" ind1=" " ind2=" ">
    <subfield code="c">SY</subfield>
  </datafield>
  <datafield tag="082" ind1=" " ind2=" ">
    <subfield code="a">397</subfield>
  </datafield>
  <datafield tag="100" ind1=" " ind2=" ">
    <subfield code="a">&#x1798;&#x17C9;&#x17C2;&#x1793; &#x179F;&#x17B6;&#x1798;&#x17C9;&#x17C1;&#x178F;</subfield>
  </datafield>
  <datafield tag="245" ind1=" " ind2=" ">
    <subfield code="a">&#x1794;&#x1785;&#x17D2;&#x1785;&#x17C1;&#x1780;&#x1791;&#x17C1;&#x179F;&#x1794;&#x178E;&#x17D2;&#x178A;&#x17BB;&#x17C7;&#x1780;&#x17BC;&#x1793;&#x1794;&#x17D2;&#x179A;&#x17C1;&#x1784;&#x1781;&#x17D2;&#x1799;&#x179B;&#x17CB;</subfield>
  </datafield>
  <datafield tag="260" ind1=" " ind2=" ">
    <subfield code="a">RUA</subfield>
    <subfield code="b">&#x1798;&#x17C9;&#x17C2;&#x1793;</subfield>
    <subfield code="c">2004</subfield>
  </datafield>
  <datafield tag="300" ind1=" " ind2=" ">
    <subfield code="a">16p.</subfield>
  </datafield>
  <datafield tag="942" ind1=" " ind2=" ">
    <subfield code="c">MA</subfield>
  </datafield>
  <datafield tag="999" ind1=" " ind2=" ">
    <subfield code="c">9559</subfield>
    <subfield code="d">9559</subfield>
  </datafield>
  <datafield tag="952" ind1=" " ind2=" ">
    <subfield code="0">0</subfield>
    <subfield code="1">0</subfield>
    <subfield code="4">0</subfield>
    <subfield code="6">397_000000000000000_&#x1798;&#x17C2;&#x1793;_2004_C193</subfield>
    <subfield code="7">0</subfield>
    <subfield code="9">51575</subfield>
    <subfield code="a">LBC</subfield>
    <subfield code="b">LBC</subfield>
    <subfield code="c">C193</subfield>
    <subfield code="d">2016-09-05</subfield>
    <subfield code="o">397 &#x1798;&#x17C9;&#x17C2;&#x1793; 2004 C193</subfield>
    <subfield code="p">RUA045707</subfield>
    <subfield code="r">2016-09-05</subfield>
    <subfield code="y">MA</subfield>
  </datafield>
</record>
